Neighbouring capitals beginning with the same letter - Statistics

General Stats
  • This quiz has been taken 12 times
  • The average score is 26 of 54
Answer Stats
Answer % Correct
Berlin
92%
Berlin
92%
Bern
92%
Brasilia
92%
Brasilia
92%
Brussels
92%
Buenos Aires
92%
Bogotá
83%
Moscow
83%
Minsk
75%
Ankara
67%
Athens
67%
Bucharest
67%
Bucharest
67%
Budapest
67%
Budapest
67%
Beijing
58%
New Delhi
58%
Belgrade
50%
Belgrade
50%
Tripoli
50%
Tunis
50%
Vienna
50%
Luanda
42%
Skopje
42%
Sofia
42%
Vaduz
42%
Addis Ababa
33%
Asmara
33%
Bangui
33%
Bishkek
33%
Kampala
33%
Kampala
33%
Kigali
33%
Kigali
33%
Kinshasa
33%
Kinshasa
33%
La Paz
33%
Lilongwe
33%
Lima
33%
Lusaka
33%
Lusaka
33%
Maputo
33%
Mbabane
33%
Naypyidaw
33%
Niamey
33%
Paris
33%
N'Djamena
25%
Paramaribo
25%
Podgorica
25%
Pristina
25%
Santiago
25%
Sucre
25%
Brazzaville
0%
No matching quizzes found
Score Distribution
Percent of People with Each Score
Percentile by Number Answered
Your Score History
You have not taken this quiz